00237 a2200085 450000500170000002000180001710000160003524500590005126000410011020251013142311.0 a9780520062351 aMetcalf T R aImperial Vision: Indian Architecture And Britain's Raj bUniversity Of California Pressc1989